| 000 | 00358nam a2200133Ia 4500 | ||
|---|---|---|---|
| 008 | 220216s9999 xx 000 0 und d | ||
| 100 | _aKavikumar K S | ||
| 245 | 0 | _aClimate change studies in Indian agriculture | |
| 260 |
_bEconomic and Political Weekly _c2007 |
||
| 300 | _a13-18 | ||
| 650 | _aClimate change | ||
| 650 | _aIndian agriculture | ||
| 942 | _cJS | ||
| 999 |
_c55667 _d55667 |
||